00385 2200157 4500245004800000020002200048250001100070100001700081650001600098005001900114260003600133041001400169084000800183300002700191336000900218 aJungkir Balik Dunia MelcIndah hanacohText a978-602-9397-05-5 aCet. 1 aIndah hanaco aNovel Fiksi a20230110071808 aYogyakartabBentang Beliac2012 aIndonesia a813 avi, 254 hlm. :c19 cm. atext